000 00620nam a2200241Ia 4500
003 OSt
005 20221005124458.0
006 a|||||r|||| 00| 0
007 ta
008 221004b |||||||| |||| 00| 0 eng d
024 _a64004
037 _cTextual
040 _aCRL
_cCRL
_beng
041 _2eng
_aeng
082 _aX.3.M9, K9-;2
100 _aSaul S B
245 0 _aMyth of the great depression,1873-1896
260 _c1969
490 _a(Studies in economic history ed by M W Flinn ).
650 _aECONOMICS
942 _hX.3.M9, K9-;2
_cTEXL
_2cc
999 _c1050607
_d1050607